|
|
|
|
| LEADER |
00000cam a2200000 7i4500 |
| 001 |
0000014115 |
| 005 |
20080317.0 |
| 008 |
080221 |
| 020 |
|
|
|a 9836288023
|
| 090 |
0 |
0 |
|a 297.5
|b ZAB
|
| 100 |
0 |
|
|a Za'ba
|
| 245 |
1 |
0 |
|a Perangai bergantung kepada diri sendiri
|c Pendita Za'ba
|
| 260 |
|
|
|a Kuala Lumpur :
|b Dewan Bahasa dan Pustaka ,
|c 2005
|
| 650 |
|
0 |
|a Islamic ethics
|
| 650 |
|
0 |
|a Religious life
|x Islam
|
| 999 |
|
|
|a 0001008799
|b Book
|c Adult Collection
|e Perbadanan Perpustakaan Awam Johor
|
| 999 |
|
|
|a 0001008800
|b Book
|c Adult Collection
|e Perbadanan Perpustakaan Awam Johor
|
| 999 |
|
|
|a 0001008801
|b Book
|c Adult Collection
|e Perbadanan Perpustakaan Awam Johor
|